[Event "EU-ch 6th"]
[Site "Warsaw"]
[Date "2005.06.26"]
[Round "8"]
[White "Radjabov, Teimour"]
[Black "Naiditsch, Arkadij"]
[Result "1-0"]
[WhiteElo "2673"]
[BlackElo "2626"]
[Annotator "Lukacs,P"]
[PlyCount "51"]
[EventDate "2005.06.18"]
[EventType "swiss"]
[EventRounds "13"]
[EventCountry "POL"]
[SourceTitle "CBM 108"]
[Source "ChessBase"]
[SourceDate "2005.09.26"]
[SourceVersion "1"]
[SourceVersionDate "2005.09.26"]
[SourceQuality "1"]

1. e4 e5 2. Nf3 Nc6 3. Bc4 Nf6 4. Ng5 d5 5. exd5 Na5 6. Bb5+ c6 7. dxc6 bxc6 8.
Be2 h6 9. Nf3 e4 10. Ne5 Bd6 11. d4 (11. f4 {is the other main line.}) 11...
exd3 12. Nxd3 Qc7 {Black has a good piece play and better development for the
sacrificed P.} 13. b3 {/\ Bb2 and fighting against the outplaced a5 N.} O-O 14.
Bb2 Ne4 {There are several other tries to maintain the pressure.} (14... Re8 {
Black is not afraid of Bxf6, because here the ^^ is very important.} 15. h3 Nd5
(15... Bf5 $5 {/\ Rad8}) 16. O-O Bf5 $5 $44 {/\ Rad8 deserves attention.} (
16... Qe7 17. Nc3 $1 Nxc3 18. Bxc3 {(Kasparov-Timman, Moscow rapid 1994)} Nxb3
{Black wins back the P, but his P structure becomes vulnerable.} 19. axb3 (19.
Bf3 Nxa1 20. Bxc6 Bb7 $15) 19... Qxe2 $14 {Morozevich})) (14... Nd5 15. Nc3 (
15. h3 {/\ 0-0} Bf5 16. O-O Rad8 17. Nc3 (17. Kh1 c5 {/\ c4, Nc6 activating
the bad N.} 18. Na3 c4 $44 {Morozevich-Balashov, RUS-Cup Novgorod 1997}) 17...
Nb4 $44 {Losev-D.Frolov, Moscow 1995}) 15... Nf4 16. O-O $5 (16. Nxf4 Bxf4 17.
g3 Rd8 18. Bd3 Re8+ 19. Ne2 Bg5 20. h4 $1 Be7 21. Qd2 {(Honfi-Estrada Nieto,
Budapest 1995)} c5 $44 {Tal}) 16... Nxe2+ {eliminating White's ^^.} (16... Nxd3
17. Bxd3 Bxh2+ 18. Kh1 $13 {King-Zsinka, Dortmund 1987}) 17. Qxe2 Bxh2+ 18. Kh1
Bd6 $13 {Herbrechtsmeier-Class, cr 1996}) (14... Bf5 15. Nd2 (15. h3 {/\ 0-0})
15... Rad8 16. h3 c5 $1 17. O-O c4 18. Nxc4 Nxc4 19. bxc4 Qxc4 20. Bxf6 gxf6
21. Bg4 Bh7 $44 {Black's mighty ^^ compensates the P, Mestel-G.Fear, London
1986.}) 15. Nc3 (15. Nd2 Bf5 16. Nxe4 Bxe4 {1/2:1/2 Honfi-Geller, Kislovodsk
1968}) (15. h3 Bf5 {/\ Rad8, Rfe8, c5 is the typical plan of development.} (
15... Rd8 16. O-O Rb8 17. Bf3 $5 (17. Nd2 Nxd2 (17... f5 $6 18. Bf3 $16 {
Herbrechtsmeier-Lach, GER 1977}) 18. Qxd2 Nc4 $1 {Here we see the idea of 15...
Rb8.} 19. Qc3 Nxb2 20. Qxb2 c5 21. Qc3 Be6 $44))) 15... Bf5 (15... Nxc3 $6 {
helps only for White.} 16. Bxc3 c5 17. h3 (17. Qd2 Nc6) 17... c4 18. Nb2 Be5 $5
19. Qd2 {(Arakhamia Grant-Smyslov, Women-Veterans 1996)} cxb3 20. Bxe5 $1 (20.
Bxa5 Qxc2 21. Qxc2 bxc2 22. Rc1 Bxb2 $11) 20... Qxe5 21. axb3 Qxb2 22. Rxa5 Be6
23. Bd3 $1 $14 (23. O-O Bxb3)) (15... f5 $5 16. h3 (16. f3 $143 {is a
successful provocation.} Nc5 17. Qd2 Rd8 $1 $44) (16. f4 $143 {also weakens
seriously White's position.} Ba6 17. O-O Rad8 $44 {Morozevich}) 16... Bb7 {
/\ a6 against Nb5 and c5} (16... Rb8 {/\ c5 but the d5 square has to be
protected!} 17. O-O c5 $6 18. Nd5 {/\ c4 to build up a stronghold on d5.} Qd7
19. c4 $14 {Graf}) (16... Ba6 {/\ Rad8, c5-c4} 17. O-O Rad8 18. Qe1 c5 19. Nxe4
$1 (19. Rd1 $5 c4 20. Nc1 $13 {is playable, but simply passive.}) (19. Kh1 {
/\ Nd5} Bb7 $1 (19... Nc6 $143 20. Nxe4 (20. Nd5 Qf7 21. c4) 20... fxe4 21.
Nxc5 $1 Bxc5 22. Bxa6 Qf4 {(Morozevich-Graf, Alushta 1994)} 23. Rd1 $1 Bd6 (
23... Bxf2 24. Qc3 $18) (23... Rxd1 24. Qxd1 Bd6 25. g3 $18) 24. Rxd6 Rxd6 (
24... Qxd6 25. Qxe4) 25. Ba3 $18 {Morozevich}) 20. Bf3 $13 {Morozevich}) 19...
fxe4 20. Nf4 Bxe2 21. Nxe2 {with favourable exchanges for White.} Rfe8 22. Rd1
Nc6 23. Qc3 Qf7 $14 {Swathi-Ganguly, IND-ch 2002}) 17. O-O a6 (17... c5 $2 {
runs into} 18. Nb5 Qc6 19. Nxd6 Nc3 20. Bf3 $18) 18. Qe1 c5 19. Rd1 c4 $5 $132
(19... Rae8 20. Nc1 Nf6 $5 (20... Be5 $2 {leads to unnecessary exchanges.} 21.
Nxe4 fxe4 22. Bxe5 Rxe5 23. Qd2 Rg5 24. Qd6 $18 {Morozevich-Onischuk, Alushta
1994})) (19... Rad8)) 16. h3 {/\ 0-0} (16. Nxe4 Bxe4 {- 15.Nd2}) 16... Rad8 17.
O-O c5 (17... Ba3 $6 {leads only to favorable exchanges for White.} 18. Bxa3
Nxc3 19. Qd2 Nxe2+ 20. Qxe2 Rfe8 21. Qh5 $16) (17... Rfe8 {is a logical
developing move.} 18. Bg4 (18. Nxe4 $5 Bxe4 19. Bf3) 18... Bg6 19. Nxe4 Bxe4
20. Qd2 c5 21. Qc3 f6 22. Bh5 Re7 23. Ba3 g6 24. Bg4 h5 $44 {Sutovsky-Jonkman,
ISR-ch op 2001}) 18. Bf3 (18. Bg4 Bh7 19. Nxe4 Bxe4 20. Qe1 f5 $44 {
Socko-Klovans, Capelle op Grande 2004}) (18. Nb5 {cannot get the ^^ after} Bh2+
19. Kh1 Qb8 20. Bg4 Bg6 $44) 18... Ng5 $2 {This allows the centralization of
the white N.} (18... Nxc3 19. Bxc3 c4 20. Bxa5 Qxa5 (20... Bh2+ 21. Kh1 Qxa5
22. bxc4 $16) 21. bxc4 Be6 $14 {with an actice play for the sacrificed
material, the c pawns are weak.}) 19. Nd5 $1 Qd7 20. h4 $5 (20. Ne3 Bxh3 21.
Bd5 Be6 22. f4 $16 {gives back the P, but grabs the |^.}) 20... Ne6 $2 (20...
Nxf3+ $1 21. Qxf3 Nc6 $1 $44 {and Black's ^^ is a big trumph, >< h4 is a
weaklness.} (21... Rfe8 22. Rad1 Nc6 (22... c4 23. N3f4 Bg4 24. Qc3 Be5 25.
Qxa5 Bxb2 26. Nf6+ $18) 23. Nxc5 $18)) 21. Ne5 $1 Qe8 $2 {Now Black's pieces
become very passive, the centralized white knights decide the battle.} (21...
Bxe5 $1 {was the last practical chance.} 22. Bxe5 Nc6 23. Nf6+ $1 (23. Bf6 {
is strongly met by} Ned4 $1 24. Bxd8 Bxc2 25. Qc1 Rxd8 $44) 23... gxf6 24. Qxd7
Rxd7 25. Bxc6 Rd2 26. Bxf6 Nd4 $14) 22. Re1 $18 {There is a complete
domination on the board!} Bb8 23. Qd2 Qb5 24. c4 Qa6 25. Bc3 Nb7 26. Nc6 $1 1-0

[Event "EU-ch 6th"]
[Site "Warsaw"]
[Date "2005.06.28"]
[Round "10"]
[White "Radjabov, Teimour"]
[Black "Beliavsky, Alexander G"]
[Result "1/2-1/2"]
[WhiteElo "2673"]
[BlackElo "2630"]
[Annotator "Postny,E"]
[PlyCount "91"]
[EventDate "2005.06.18"]
[EventType "swiss"]
[EventRounds "13"]
[EventCountry "POL"]
[SourceTitle "CBM 108"]
[Source "ChessBase"]
[SourceDate "2005.09.26"]
[SourceVersion "1"]
[SourceVersionDate "2005.09.26"]
[SourceQuality "1"]

1. e4 e5 2. Nf3 Nc6 3. d4 exd4 4. Nxd4 Bc5 5. Be3 Qf6 6. c3 Nge7 7. g3 h5 $5 {
Black is immediatly trying to hit the target on the kingside.} ({The main line
is} 7... d5) 8. h3 (8. Nc2 Bxe3 9. Nxe3 h4 10. Bg2 d6 11. Nd2 hxg3 12. hxg3
Rxh1+ 13. Bxh1 Be6 14. Qe2 O-O-O $11 {1/2-1/2 Belkhodja,S-Inkiov,V/Condom 2002/
CBM 89 ext (48)}) (8. h4 $6 d5 9. Bg2 Bg4 10. Qd3 Ne5 11. Qb5+ c6 12. Qxb7 O-O
13. Qa6 Bxd4 14. cxd4 Nf3+ 15. Kf1 dxe4 $17 {0-1 Anglada Lobarte,J-Roa Alonso,
S/Zaragoza 1993/EXT 98 (31)}) 8... h4 (8... d5 9. Bg2 Bxd4 10. cxd4 dxe4 11.
Nc3 Bf5 12. Qa4 O-O 13. O-O-O b5 $1 14. Qxb5 Rab8 15. Qc5 Nb4 $36 {0-1 Epstein,
E-Friedel,J/Connecticut USA 2004/The Week in Chess 493 (33)}) (8... b6 $5 {
--> 1/2-1/2 Movsesian,S-Shirov,A/Sarajevo 2004/CBM 101 [Postny,E] (39)}) 9. g4
Ng6 10. Qd2 $146 {[%cal Gf2f4]} (10. Bg2 Nf4 11. O-O Nxd4 12. Bxf4 Nc2 13. Qxc2
Qxf4 14. Nd2 d6 15. a4 a5 16. Nb3 Bxg4 17. Nxc5 dxc5 18. hxg4 h3 19. f3 hxg2
20. Qxg2 O-O-O $17 {0-1 Kharashkina,B-Stjazhkina,O/Elista 2002 (38)}) (10. g5
Qe5 11. Nd2 Bxd4 (11... Nxd4 $2 12. cxd4 Bxd4 13. Nc4 Qxe4 14. f3 $18) 12. cxd4
Nxd4 13. Nc4 Qxe4 14. Qxd4 Qxh1 15. Qxg7 Qd5 $2 (15... d6 16. O-O-O Qc6 $17)
16. Bd3 Qxd3 $2 17. Ne5 Qd5 18. Nxg6 fxg6 19. Qxh8+ Kf7 20. Qf6+ Ke8 21. Qxg6+
Qf7 22. Qe4+ Qe7 23. Qxh4 $18 {1-0 Savushkina,N-Kazarova,I/Kolontaevo 1997 (30)
}) (10. Nf5 Bxe3 11. Nxe3 O-O 12. Nd2 Rb8 13. Bg2 Nf4 14. O-O Ne7 15. Nf3 d6
16. Nd4 b5 17. Ne2 Nxg2 18. Kxg2 Bb7 19. f3 c5 $15 {0-1 Madeira,W-Marrero,Y/
Sao Paulo 2004 (69)}) 10... Nce5 $1 11. Be2 (11. g5 $2 Nf3+ 12. Kd1 Nxd2 13.
gxf6 Nxf1 14. Rxf1 gxf6 $17) (11. f4 $4 Bxd4 $19 {[%cal Ge5f3]}) 11... Bxd4 {
This is forced. Black has to prevent the advance f2-f4.} 12. cxd4 $6 {Radjabov
goes for a dubious pawn sacrifice.} ({White had nothing better than} 12. Qxd4
Nf4 13. Bxf4 Qxf4 14. Nd2 $11) 12... Nf3+ 13. Bxf3 Qxf3 {[%csl Re4,Rh1]} 14.
Rh2 Qxe4 15. f4 O-O $6 {Black should not allow white to grab so much space.} (
15... Nxf4 $2 16. Nc3 Nd3+ (16... Qe7 17. O-O-O $40) 17. Ke2 Nf4+ 18. Kf2 Nd3+
19. Kg1 Qg6 20. Nb5 O-O 21. Rd1 c6 22. Na3 {[%csl Rd3] trapping the knight.}) (
{Strong seems to be} 15... f5 $1 {blocking white's offensive on the kingside.}
16. Nc3 Qf3 $15) 16. f5 Re8 17. Kf2 Nf8 18. Nc3 Qc6 $6 ({A safer retreat would
have been} 18... Qe7) 19. d5 Qa6 20. a4 $1 $36 {[%csl Rc7][%cal Gc3b5]} b5 $5 {
Beliavsky decided to sacrifice back a pawn in order to complete the
development of his queenside as soon as possible.} (20... Nh7 {[%cal Gh7f6]}
21. Re1 Nf6 22. Qd4 $36 {[%cal Gg4g5]}) (20... d6 $2 21. Nb5 Re7 22. f6 $1 $40)
21. Nxb5 Rb8 22. Rhh1 $2 {The concrete variations show that Radjabov could
take the pawn.} (22. Nxc7 Qd6 23. Bf4 Qc5+ (23... Rxb2 24. Bxd6 Rxd2+ 25. Kg1
Rxh2 26. Kxh2 $18 {[%cal Ga1b1,Gb1b8]}) (23... Qb6+ 24. Kf3 Bb7 25. Nxe8 Qb3+
26. Qe3 Qxd5+ (26... Bxd5+ 27. Kf2 Qxb2+ 28. Qd2 $18) 27. Ke2 Rxe8 28. Qxe8
Qf3+ 29. Ke1 Ba6 30. Qe3 Qf1+ 31. Kd2 Qxa1 32. Qd4 $18) 24. Kg2 Re4 25. Rc1 (
25. Nb5 $6 Rxb5 $1 26. axb5 Bb7 $44) 25... Rc4 (25... Qb4 26. Qxb4 Rbxb4 27.
Bd6 $16) 26. Bd6 Qxd6 27. Rxc4 $18) 22... Re4 $1 23. Rhe1 Rxa4 24. Rxa4 (24.
Nxc7 Qd6 $1 25. Rxa4 Rxb2 $1 26. Qxb2 Qh2+ 27. Kf3 Qxb2 $13) 24... Qxa4 25. Nc3
Qc4 26. Bxa7 Rb3 {In this irrational position white's chances should be
prefered. His advantage in space is more dominant factor than his vulnerable
king. In practice, however, it's probably easier to play this position as
black...} 27. Re4 ({Deserved attention the prophylactic} 27. Kg1) 27... Qa6 28.
Bd4 Qd6 29. Ke1 Ba6 {Black must keep his queen on d6 for a while in order to
be to meet white's queen jump to g5 by f7-f6.} (29... Qg3+ $2 30. Kd1 Qf3+ (
30... Qxh3 31. Qg5 $18 {[%csl Rg7]}) 31. Qe2 (31. Kc1 Rxc3+ {[%csl Re4]
winning a piece.}) 31... Qh1+ 32. Kc2 $40 {[%cal Ge4e8]}) (29... c5 $5 30. Be5
Qa6 31. Bxg7 Kxg7 32. Qg5+ Ng6 33. fxg6 Qxg6 34. Qe5+ Qf6 35. Qxf6+ Kxf6 36.
Re8 Bb7 37. Ne4+ Kg7 38. Nxc5 Rb5 $11) 30. Kd1 {Trasfering the king to a
seemingly safer place.} Rb8 $6 ({Again} 30... c5 {was a better choice.}) 31.
Kc1 {White's king reached more or less safe location. White's is now clearly
better thanks to big space advantage.} f6 (31... Nh7 32. g5 $16) 32. g5 Nh7 33.
g6 $2 {It was far better to open the files against the black monarch and grab
a pawn by the way.} (33. gxf6 Nxf6 34. Rxh4 $16) 33... Ng5 34. Re3 (34. Rxh4
Nf3 35. Qf2 Qb4 36. Ba7 Qxh4 37. Qxh4 Nxh4 38. Bxb8 c6 $15) 34... Bc4 {The
evaluation has turned around. Black's pieces are now extremely active, white
should be on his guard.} 35. Ba7 Ra8 36. Qd4 Qa6 37. Qc5 $2 (37. Ne4 Qa1+ 38.
Kc2 Qa4+ 39. Kc1 {and black does not have more than a perpetual.}) 37... Bb3 $1
$40 38. Kd2 Qf1 39. Nb5 Qd1+ $2 {Black had numerous attractive options. The
move in the text allows white to escape.} (39... Qg2+ $1 40. Kc3 Bd1 $1 {
[%cal Gg2c2,Gg5e4]} 41. Nxc7 Nf3 $40 42. Nxa8 $2 Qc2+ 43. Kb4 Qa4+ 44. Kc3 Qb3#
) 40. Kc3 Bxd5 41. Nxc7 Qc1+ 42. Kb4 Qxb2+ 43. Ka5 Qa2+ 44. Kb4 Qb2+ 45. Ka5
Qa2+ 46. Kb4 {Very tough and complicated game for both sides.} 1/2-1/2

[Event "EU-ch 6th"]
[Site "Warsaw"]
[Date "2005.06.30"]
[Round "12"]
[White "Radjabov, Teimour"]
[Black "Milov, Vadim"]
[Result "1-0"]
[WhiteElo "2673"]
[BlackElo "2653"]
[Annotator "Mikhalevski,V"]
[PlyCount "87"]
[EventDate "2005.06.18"]
[EventType "swiss"]
[EventRounds "13"]
[EventCountry "POL"]
[SourceTitle "CBM 108"]
[Source "ChessBase"]
[SourceDate "2005.09.26"]
[SourceVersion "1"]
[SourceVersionDate "2005.09.26"]
[SourceQuality "1"]

{[%mdl 32]} 1. d4 Nf6 2. c4 g6 3. Nc3 Bg7 4. e4 d6 5. h3 O-O 6. Be3 Na6 7. Nf3
e5 8. dxe5 dxe5 9. c5 {It seems that Radjabov liked what he had seen in the
Karpov,A-Istratescu,A, Bucharest 2005 game, which you can find below, and
decided to give it a test. The idea behind the move is pretty simple- White
takes some space on the queen side and prepares to meet Black's typical
manoeuvre c6 followed by Nc7-e6 with Bxa6.} (9. Qxd8 {was a more popular
approach, although it doesn't promise much. Here is a relatively recent game
in this line:} Rxd8 10. Nd2 c6 11. O-O-O Be6 (11... Bf8 $5) 12. c5 Bf8 13. Bxa6
bxa6 14. b3 (14. Bg5 $5) 14... Rdb8 (14... Nd7 $5) 15. Kb2 $14 {Martin Vazquez,
J-Garcia Luque,A/Seville ESP 2003.}) (9. a3 {preventing Nb4 is another line
which was tested a number of times.}) 9... Nb4 $146 {This Istratescu's novelty
doesn't look great. As the current game shows Milov prepared nothing special.}
({Earlier Black played} 9... Qe8 10. Bxa6 bxa6 11. O-O Rb8 12. Qc2 Nh5 13. Rad1
$14 {Crouch,C-Polgar,J/Hastings 1992.}) ({and} 9... Qxd1+ 10. Rxd1 Nb4 11. Bc4
$6 (11. Rd2 $5) 11... Nc2+ 12. Ke2 Nxe3 13. fxe3 $2 ({In case of} 13. Kxe3 $5 {
White would still maintain chances for obtaining advantage.}) 13... Nd7 {
Crouch,C-Tkachiev,V/London 1994. and White has to start thinking of equalizing.
}) 10. Qa4 {[%cal Ga1d1]} a5 11. Rd1 Qe7 {An attempt to improve over
Istratescu's play, which however doesn't work out.} ({In the afore-mentioned
game Black played} 11... Qe8 12. Bb5 c6 13. Be2 Nh5 14. a3 Na6 15. Qxa5 Nf4 16.
O-O Nxe2+ 17. Nxe2 f5 18. Rd6 f4 19. Bd2 g5 20. Rc1 g4 21. hxg4 Bxg4 22. Rc3 {
Karpov,A-Istratescu,A/Bucharest ROM 2005. and ended up a pawn down without
real compensation.}) 12. a3 Nc6 13. Be2 $1 {White completes development and
claims an upper hand. The arisen position reminds me of a better version of
the Orthodox variation with 7...Na6.} Bd7 {[%csl Ra4][%cal Gc6d4]} (13... Nd4
14. Nxd4 exd4 15. Bxd4 Nxe4 $2 16. Bxg7 Nxc3 17. Bxc3 {This combination would
work for Black with the white light-squared bishop on any other square, but e2
as Nxc3 would be a discovered check.}) 14. Qc2 Rfd8 15. O-O $14 {White has
completed development and is slightly better thanks to space advantage on the
queenside and better pieces. In particular, the dark-squared bishop on g7,
which is restricted by the e5-pawn, is the main factor which allows me to
evaluate the position in White's favour.} Be6 16. Bb5 $1 {[%csl Re5][%cal
Gb5c6] Radjabov creates a threat of Bxc6 followed by Nxe5 and thus forces the
c6-knight to a more passive position on a7.} Na7 17. Ba4 $1 {Certainly White
keeps the bishop.} ({Now} 17. Nxe5 $6 {would be wrong in view of} Nxb5 18. Nxb5
Bxh3 $1) 17... Bc4 {At least the bishop gets a square on the a6-f1-diagonal,
but this activity will not last for long.} 18. Rfe1 c6 19. Bb3 $1 $16 {[%csl
Rg7] A correct positional decision. White exchanges the light-squared bishops
and leaves Black with a "bad" bishop on g7.} Be6 $2 {Black misses White's 22nd
move and loses a pawn.} ({Even after the best} 19... Bxb3 20. Qxb3 $16 {
[%csl Ra5,Rb6][%cal Gf3d2,Gd2c4] White has a clear positional advantage.}) 20.
Bxe6 $1 Qxe6 21. Rxd8+ Rxd8 22. Qa4 $18 {[%csl Ra5] Black loses the a5-pawn
and remains with a passive position. We can see that White has completely
outplayed his very experienced opponent.} Rd7 23. Qxa5 Nb5 {An attempt to
sharpen the position, which in fact only weakens it even more.} 24. Nxb5 cxb5 {
[%csl Re4]} 25. Bg5 {[%csl Rb5] Now also the b5-pawn is gone. The rest is a
matter of technique and Teimour leaves no chances for escape.} Nh5 ({or} 25...
h6 26. Bxf6 Bxf6 27. Qxb5 $18) 26. Qxb5 h6 27. Bd2 Nf4 28. Bxf4 exf4 29. e5 g5
30. b4 Bf8 31. Qe2 Qb3 32. Qe4 Re7 33. h4 g4 34. Nd2 Qxa3 35. Qxf4 Re6 36.
Qxg4+ Rg6 37. Qe4 Qc3 38. Nf3 b6 39. h5 Re6 40. Nd4 Re8 41. Re3 Qc1+ 42. Kh2
bxc5 43. Rg3+ Kh8 44. Qc6 $1 {A clear win of Radjabov, which confirms his high
class.} 1-0

[Event "EU-chT (Men) 15th"]
[Site "Gothenburg"]
[Date "2005.08.05"]
[Round "7.1"]
[White "Radjabov, Teimour"]
[Black "Van Wely, Loek"]
[Result "1/2-1/2"]
[WhiteElo "2682"]
[BlackElo "2655"]
[PlyCount "46"]
[EventDate "2005.07.30"]
[EventType "team-swiss"]
[EventRounds "9"]
[EventCountry "SWE"]
[SourceTitle "CBM 109"]
[Source "ChessBase"]
[SourceDate "2005.11.14"]
[SourceVersion "1"]
[SourceVersionDate "2005.11.14"]
[SourceQuality "1"]
[WhiteTeam "Azerbaijan"]
[BlackTeam "Netherlands"]
[WhiteTeamCountry "AZE"]
[BlackTeamCountry "NED"]

1. d4 Nf6 2. c4 e6 3. Nf3 d5 4. Nc3 dxc4 5. e4 Bb4 6. Bg5 c5 7. Bxc4 cxd4 8.
Nxd4 Bxc3+ 9. bxc3 Qa5 10. Nb5 Nxe4 11. Bf4 O-O 12. O-O Bd7 13. a4 Bc6 14. Re1
Na6 15. Be5 Nac5 16. Qg4 g6 17. Qf4 a6 18. Qh6 f6 19. Bc7 b6 20. Nd4 Bd7 21.
Nxe6 Bxe6 22. Bxe6+ Nxe6 23. Rxe4 Qxc3 1/2-1/2

[Event "EU-chT (Men) 15th"]
[Site "Gothenburg"]
[Date "2005.08.06"]
[Round "8.1"]
[White "Radjabov, Teimour"]
[Black "Lutz, Christopher"]
[Result "1-0"]
[WhiteElo "2682"]
[BlackElo "2616"]
[Annotator "Ribli,Z"]
[PlyCount "69"]
[EventDate "2005.07.30"]
[EventType "team-swiss"]
[EventRounds "9"]
[EventCountry "SWE"]
[SourceTitle "CBM 109"]
[Source "ChessBase"]
[SourceDate "2005.11.14"]
[SourceVersion "1"]
[SourceVersionDate "2005.11.14"]
[SourceQuality "1"]
[WhiteTeam "Azerbaijan"]
[BlackTeam "Germany"]
[WhiteTeamCountry "AZE"]
[BlackTeamCountry "GER"]

1. e4 c5 2. Nf3 e6 3. d4 cxd4 4. Nxd4 Nc6 5. Nc3 a6 6. Be3 Nf6 7. f4 {Dieser
Zug wird selten gespielt; die Alternative 7.Bd3 ist die übliche Fortsetzung.}
Bb4 8. Bd3 d6 (8... Qc7 $5 9. O-O Bc5 (9... O-O $6 10. e5 Bxc3 11. bxc3 Nd5 12.
Rf3 $1 $36) (9... d6 10. Qf3 (10. Nce2) (10. Na4) 10... O-O 11. Kh1 $6 Bxc3 12.
bxc3 Ne7 13. c4 e5 $15) 10. Nf5 Bxe3+ 11. Nxe3 d6 {Mit Zugumstellung ist die
Variante 5...Qc7 6.Be3 a6 Nf6 7.Bd3 Nf6 8.0-0 Bd6 9.f4 Bc5 erreicht}) 9. Nxc6 (
9. a3 $6 e5 $5 10. Nf5 Bxc3+ 11. bxc3 Bxf5 12. exf5 e4 13. Be2 Qa5 {1/2-1/2
Van Eijk,S-Heyl,T/Caleta 2005/(13)}) 9... bxc6 10. O-O c5 $6 {Schwarz ist
optimistisch - er hat keine Angst vor 11.e5!?. Es wäre vorsichtiger 10...Bxc3
zu spielen.} 11. e5 $5 (11. Na4 $5) 11... Bxc3 (11... dxe5 $2 12. fxe5 Bxc3 (
12... Nd5 13. Qf3 O-O 14. Nxd5 exd5 15. c3 $18) (12... Nd7 13. Qf3 $18) 13.
bxc3 Nd5 14. Bxc5 $18) 12. bxc3 Nd5 13. Bf2 (13. Bd2) 13... Bb7 (13... Nxc3 14.
Qg4 $36 (14. Qe1 Nd5 15. Rd1 $36) (14. Qd2)) 14. Qg4 $40 {[%csl Gd3,Ge5,Gf2,
Gg4][%mdl 128] Weiß hat das Läuferpaar und eine aktive Stellung. Die
Anwesenheit des Bauern auf e5 garantiert Weiß dauerhaften Raumvorteil und
Initiative.} Ne7 {Schwarz öffnet die Diagonale des b7-Läufers und plant auf
die weißen Felder zu spielen.} (14... O-O 15. c4 Ne7 (15... Nc3 16. Bxh7+ (16.
Bh4) 16... Kxh7 17. Qh3+ $16) (15... Nb4 16. Bh4) 16. Rad1 $16) 15. Rad1 {
[%csl Rd6][%cal Gd1d8] Natürlich kann Weiß nicht auf g7 nehmen - 15.Qxg7??
wegen 15...Rg8.} (15. Rab1 Bc6 16. Bh4 $16) 15... h5 16. Qg5 $16 {[%csl Re8,
Gg5][%cal Gd1d8]} c4 {In der schwere Stellung opfert Schwarz einen Bauern für
einige Gegenchanchen.} (16... Nf5 17. Bxf5 Qxg5 18. fxg5 exf5 19. Rxd6) 17.
Bxc4 (17. exd6 Qxd6 18. Bxc4 Qc6 19. Be2 Qxc3 20. Bh4 Qc7 21. Bd3 $16) 17...
Nf5 18. exd6 Kd7 {[%csl Gd7][%mdl 256] Schwarz hat schon zwei Bauern weniger,
aber er konnte eine Blockadestellung erreichen, in der die weißen Mehrbauern
am Damenflügel weniger gefährlich sind. Aber früher oder später wird sich der
weiße Materialvorteil durchsetzen.} (18... Qxg5 19. d7+ $18) 19. Bd3 g6 (19...
Qxg5 20. fxg5 g6 21. c4 $16) 20. Qxd8+ Rhxd8 21. c4 {[%csl Gc4,Gd6] Weiß
mobilisiert seine Bauern am Damenflügel.} Bc6 22. c5 Rdb8 23. Rb1 Bb5 24. Be4 (
24. c4 Bc6 25. Rb6 Rxb6 26. cxb6 Nxd6 27. c5 Nf5 28. Rd1 $16) 24... Bc6 25.
Bxc6+ Kxc6 26. Rb3 Rb5 (26... Rxb3 27. axb3 $18) 27. h3 {Weiß öffnet seine
Grundlinie und kann anschließend g2-g4 ziehen .} Rab8 28. Rd1 R8b7 29. c4 Rxb3
30. axb3 Kd7 (30... Rxb3 31. d7) (30... a5 31. Ra1 Rxb3 32. Rxa5 $18) 31. b4
$18 {Die weiße Bauernphalanx entscheidet die Partie.} f6 (31... Rxb4 32. c6+
Kxc6 33. d7) 32. b5 axb5 33. cxb5 Rxb5 34. c6+ Kd8 35. d7 1-0